000
00298nam a22001217a 4500
008
230613b xxu||||| |||| 00| 0 eng d
082
_a
353.463
100
_c
Government of Kenya
245
_a
Public Investment Programme 1993-1996
260
_a
Kenya
_b
GOK
_c
1996
300
_a
328p
942
_2
ddc
_c
BK
999
_c
1137
_d
1137